<?xml version="1.0" encoding="UTF-8"?>
<record
    xmlns:xsi="http://www.w3.org/2001/XMLSchema-instance"
    xsi:schemaLocation="http://www.loc.gov/MARC21/slim http://www.loc.gov/standards/marcxml/schema/MARC21slim.xsd"
    xmlns="http://www.loc.gov/MARC21/slim">

  <leader>03085nam a2200265 i 4500</leader>
  <controlfield tag="003">DO-SdBNP</controlfield>
  <controlfield tag="005">20230517120244.0</controlfield>
  <controlfield tag="006">a||||gr|||| 00| 0 </controlfield>
  <controlfield tag="007">ta</controlfield>
  <controlfield tag="008">230510t2022    dr ac||gr|||| 000 edspa d</controlfield>
  <datafield tag="020" ind1=" " ind2=" ">
    <subfield code="a">9789945933079</subfield>
  </datafield>
  <datafield tag="040" ind1=" " ind2=" ">
    <subfield code="a">DO-SdBNP</subfield>
    <subfield code="b">spa</subfield>
    <subfield code="c">BNPHU</subfield>
    <subfield code="e">rda</subfield>
  </datafield>
  <datafield tag="082" ind1=" " ind2="4">
    <subfield code="2">22</subfield>
    <subfield code="b">P637a</subfield>
  </datafield>
  <datafield tag="245" ind1="1" ind2="0">
    <subfield code="a">UASD alborada libertaria y debates (1961-1974). /</subfield>
    <subfield code="c">Sebasti&#xE1;n del Pilar S&#xE1;nchez; pr&#xF3;logo, Luis R. Decamps</subfield>
  </datafield>
  <datafield tag="264" ind1="3" ind2="0">
    <subfield code="a">[Santo Domingo] :</subfield>
    <subfield code="b">El Gato EGE,</subfield>
    <subfield code="c">2022</subfield>
  </datafield>
  <datafield tag="300" ind1=" " ind2=" ">
    <subfield code="a">236 p&#xE1;ginas :</subfield>
    <subfield code="b">Lustraciones, retratos ;</subfield>
    <subfield code="c">22 cm.</subfield>
  </datafield>
  <datafield tag="336" ind1=" " ind2=" ">
    <subfield code="2">rdaconten</subfield>
    <subfield code="a">texto</subfield>
    <subfield code="b">txt</subfield>
  </datafield>
  <datafield tag="337" ind1=" " ind2=" ">
    <subfield code="2">rdamedia</subfield>
    <subfield code="a">sin medici&#xF3;n</subfield>
    <subfield code="b">n</subfield>
  </datafield>
  <datafield tag="338" ind1=" " ind2=" ">
    <subfield code="2">rdacarrier</subfield>
    <subfield code="a">volumen</subfield>
    <subfield code="b">nc</subfield>
  </datafield>
  <datafield tag="500" ind1=" " ind2=" ">
    <subfield code="a">Incluye datos biogr&#xE1;ficos del autor en la solapa de la cubierta.</subfield>
  </datafield>
  <datafield tag="505" ind1=" " ind2=" ">
    <subfield code="a">Pr&#xF3;logo.</subfield>
    <subfield code="t">De cuando era "dulce y honroso morir por la patria" (a prop&#xF3;sito de un novedoso texto de Sebasti&#xE1;n del Pilar S&#xE1;nchez).-- La FED y la autonom&#xED;a de la UASD en &#xE9;poca de Caro &#xC1;lvarez.-- La UASD y la FED en el tiempo de Casta&#xF1;os.-- Elecci&#xF3;n del rector Casta&#xF1;os y otros resultados.-- Elecciones de decanos y constituci&#xF3;n del consejo.-- El congreso estudiantil.-- Datos sobre los primero dirigentes de la FED.-- Asdr&#xFA;bal y el BRUC en la renuncia forzada de Casta&#xF1;os.-- Historia de la crisis que afect&#xF3; al rector.-- Expulsi&#xF3;n de profesores trujillistas en al UASD.--</subfield>
    <subfield code="t">&#xBF;Qui&#xE9;n es Cayetano Rodr&#xED;guez?.-- Falla estrategia de fragua sobre control de la FED.-- Amin Abel en la FED.-- Historia del movimiento renovador universitario.-- La masacre de febrero en el palacio.-- El mejor coro universitario de Am&#xE9;rica Latina.-- La historia del triunfo.-- Los estudiantes, la izquierda y el pensamiento de Mao.-- Maoismo en los grupos de la UASD.-- Una bandera roja motiva expulsi&#xF3;n de l&#xED;deres estudiantiles.-- La bandera y las elecciones.-- La muerte de Fadul.-- Medio mill&#xF3;n a la universidad.-- </subfield>
    <subfield code="t">Marxistas cristianos apoyan a Emma Tavarez en UASD.-- Fragua selecciona su candidato chino Bujosa.-- Drama lleno de suspenso: Hugo Tolentino derrota por Kasse acta en la UASD.-- Caracter&#xED;sticas y desarrollo de la confrontaci&#xF3;n.--Desenlace.-- La vida universitaria en &#xE9;poca del gordo Oviedo y Hatuey de Camps.-- Fragua resurge con chino Bujosa y la unidad de acero.-- Crisis electoral universitaria de 1970. Impugnaci&#xF3;n y enfrentamiento grupal.-- Fin de la crisis.-- L&#xED;der estudiantil acusado de informante policial.-- Fragua defiende a Felvio.--</subfield>
    <subfield code="t">Ataques a Bosch.-- La renuncia de Felvio.-- La muerte de Chepe en la UASD.-- Homicidio y causas.-- El informe de la comisi&#xF3;n universitaria.-- El FUSD con Santamar&#xED;a se impone por tercera vez en la UASD.-- Causa de la victoria del FUSD.-- Ingrediente en el triunfo perrede&#xED;sta.-- Divisi&#xF3;n del partido blanco trastorna grupos de la UASD.-- Comisi&#xF3;n electoral impide uso del nombre del FUSD.-- El claustro y la puja electoral.-- El FEFLAS se constituye en principal fuerza de la UASD.-- Otros factores en el crecimiento del FEFLAS.</subfield>
  </datafield>
  <datafield tag="590" ind1=" " ind2=" ">
    <subfield code="a">Inventariado 2023 / MF</subfield>
  </datafield>
  <datafield tag="700" ind1="1" ind2=" ">
    <subfield code="9">43967</subfield>
    <subfield code="a">Decamps R., Luis R</subfield>
    <subfield code="d">1959-</subfield>
    <subfield code="e">pr&#xF3;logo</subfield>
  </datafield>
  <datafield tag="942" ind1=" " ind2=" ">
    <subfield code="2">ddc</subfield>
    <subfield code="c">LBS1</subfield>
  </datafield>
  <datafield tag="952" ind1=" " ind2=" ">
    <subfield code="0">0</subfield>
    <subfield code="1">0</subfield>
    <subfield code="2">ddc</subfield>
    <subfield code="5">1</subfield>
    <subfield code="7">0</subfield>
    <subfield code="8">PD</subfield>
    <subfield code="a">BNPHU</subfield>
    <subfield code="b">BNPHU</subfield>
    <subfield code="c">CT</subfield>
    <subfield code="d">2022-11-22</subfield>
    <subfield code="e">Dep&#xF3;sito legal</subfield>
    <subfield code="l">0</subfield>
    <subfield code="o">P637a</subfield>
    <subfield code="p">2023-1701</subfield>
    <subfield code="r">2023-05-10</subfield>
    <subfield code="w">2023-05-10</subfield>
    <subfield code="y">LBS1</subfield>
  </datafield>
  <datafield tag="952" ind1=" " ind2=" ">
    <subfield code="0">0</subfield>
    <subfield code="1">0</subfield>
    <subfield code="2">ddc</subfield>
    <subfield code="5">1</subfield>
    <subfield code="7">0</subfield>
    <subfield code="8">PD</subfield>
    <subfield code="a">BNPHU</subfield>
    <subfield code="b">BNPHU</subfield>
    <subfield code="c">CT</subfield>
    <subfield code="d">2022-11-22</subfield>
    <subfield code="e">Dep&#xF3;sito legal</subfield>
    <subfield code="l">0</subfield>
    <subfield code="o">P637a</subfield>
    <subfield code="p">2023-1702</subfield>
    <subfield code="r">2023-05-10</subfield>
    <subfield code="t">e.2</subfield>
    <subfield code="w">2023-05-10</subfield>
    <subfield code="y">LBS1</subfield>
  </datafield>
  <datafield tag="952" ind1=" " ind2=" ">
    <subfield code="0">0</subfield>
    <subfield code="1">0</subfield>
    <subfield code="2">ddc</subfield>
    <subfield code="5">6</subfield>
    <subfield code="7">0</subfield>
    <subfield code="8">DS</subfield>
    <subfield code="a">BNPHU</subfield>
    <subfield code="b">BNPHU</subfield>
    <subfield code="c">CT</subfield>
    <subfield code="d">2022-11-22</subfield>
    <subfield code="e">Dep&#xF3;sito legal</subfield>
    <subfield code="l">0</subfield>
    <subfield code="o">P637a</subfield>
    <subfield code="p">2023-1703</subfield>
    <subfield code="r">2023-05-10</subfield>
    <subfield code="t">e.3</subfield>
    <subfield code="w">2023-05-10</subfield>
    <subfield code="y">LBS1</subfield>
  </datafield>
  <datafield tag="999" ind1=" " ind2=" ">
    <subfield code="c">53471</subfield>
    <subfield code="d">53471</subfield>
  </datafield>
</record>
